000 00659nam a2200289Ia 4500
005 20260324125645.0
008 008 260324s9999 xx 000 0 eng d
020 _a9780203890141
037 _aEBOOK
040 _aCRL
040 _beng
040 _cCRL
041 _2eng
041 _aeng
084 _qCRL
100 _aTao Xie
_91178808
245 0 _aUS-China Relations
245 0 _bChina policy on Capitol Hill
260 _bTaylor and Francis
260 _c2008
365 _a
365 _b240
856 _uhttp://www.taylorfrancis.com/books/9780203890141
942 _cEBOOK
999 _c1774279
_d1774279